| 000 -CABECERA |
| campo de control de longitud fija |
00814nam a2200229 u 4500 |
| 001 - NÚMERO DE CONTROL |
| campo de control |
000055189 |
| 005 - FECHA Y HORA DE LA ÚLTIMA TRANSACCIÓN |
| campo de control |
20200120223015.0 |
| 008 - DATOS DE LONGITUD FIJA--INFORMACIÓN GENERAL |
| campo de control de longitud fija |
110301s20002005ck ag gr 000 0 spa d |
| 020 ## - NÚMERO INTERNACIONAL ESTÁNDAR DEL LIBRO |
| Número Internacional Estándar del Libro |
9588124085 |
| 041 0# - CÓDIGO DE LENGUA |
| Código de lengua del texto/banda sonora o título independiente |
* spa |
| 082 04 - NÚMERO DE LA CLASIFICACIÓN DECIMAL DEWEY |
| Número de clasificación |
787.87 |
| Número de documento/Ítem |
R15 |
| Número de edición |
21 |
| 100 1# - ENTRADA PRINCIPAL--NOMBRE DE PERSONA |
| Nombre de persona |
Ramírez Mojica, Keyner. |
| 245 10 - MENCIÓN DE TÍTULO |
| Título |
Haga música con la guitarra / |
| Mención de responsabilidad, etc. |
Keyner Ramirez Mojica. |
| 250 ## - MENCIÓN DE EDICIÓN |
| Mención de edición |
1a. ed. |
| 260 ## - PUBLICACIÓN, DISTRIBUCIÓN, ETC. |
| Lugar de publicación, distribución, etc. |
Tunja : |
| Nombre del editor, distribuidor, etc. |
El Maestro, |
| Fecha de publicación, distribución, etc. |
2000. |
| 300 ## - DESCRIPCIÓN FÍSICA |
| Extensión |
499 p. : |
| Otras características físicas |
il. |
| 504 ## - NOTA DE BIBLIOGRAFÍA, ETC. |
| Nota de bibliografía, etc. |
Incluye bibliografía |
| 505 ## - NOTA DE CONTENIDO CON FORMATO |
| Información miscelánea |
v.2 |
| Título |
balada y pop en español |
| Información miscelánea |
v.1 |
| Título |
Instrucciones fáciles para aprender a tocar guitarra acompañamient, melodías e introducciones |
| 650 14 - PUNTO DE ACCESO ADICIONAL DE MATERIA--TÉRMINO DE MATERIA |
| Término de materia o nombre geográfico como elemento de entrada |
Música para guitarra |
| Subdivisión general |
Enseñanza |
| -- |
Metodología |
| 650 24 - PUNTO DE ACCESO ADICIONAL DE MATERIA--TÉRMINO DE MATERIA |
| Término de materia o nombre geográfico como elemento de entrada |
Música para guitarra |
| Subdivisión de forma |
Partituras |
| Fuente del encabezamiento o término |
LEMB. |
| 650 24 - PUNTO DE ACCESO ADICIONAL DE MATERIA--TÉRMINO DE MATERIA |
| Término de materia o nombre geográfico como elemento de entrada |
Música para guitarra |
| Subdivisión de forma |
Cancioneros |
| Fuente del encabezamiento o término |
LEMB. |